El cochinito fugitivo = (Record no. 25263)

MARC details
000 -LEADER
fixed length control field 02730cam a2200577 i 4500
001 - CONTROL NUMBER
control field sjds2165838
003 - CONTROL NUMBER IDENTIFIER
control field sjds
005 - DATE AND TIME OF LATEST TRANSACTION
control field 20210216163751.0
008 - FIXED-LENGTH DATA ELEMENTS--GENERAL INFORMATION
fixed length control field 100217t20102010txua b 000 0 eng
010 ## - LIBRARY OF CONGRESS CONTROL NUMBER
LC control number 2009053971
020 ## - INTERNATIONAL STANDARD BOOK NUMBER
International Standard Book Number 9781558855861 (alk. paper)
020 ## - INTERNATIONAL STANDARD BOOK NUMBER
International Standard Book Number 1558855866 (alk. paper)
035 ## - SYSTEM CONTROL NUMBER
System control number (OCoLC)521625125
040 ## - CATALOGING SOURCE
Original cataloging agency DLC
Language of cataloging eng
Description conventions rda
Transcribing agency DLC
Modifying agency IG#
-- YDXCP
-- TXH
-- SAP
-- QBX
-- VP@
-- IFA
-- UtOrBLW
041 1# - LANGUAGE CODE
Language code of text/sound track or separate title eng
-- spa
Language code of original eng
049 ## - LOCAL HOLDINGS (OCLC)
Holding library IFAA
099 ## - LOCAL FREE-TEXT CALL NUMBER (OCLC)
Classification number 398.2
Filing suffix 2010
100 1# - MAIN ENTRY--PERSONAL NAME
Personal name Luna, James
Fuller form of name (James G.),
Dates associated with a name 1962-
245 13 - TITLE STATEMENT
Title El cochinito fugitivo =
Remainder of title The runaway piggy /
Statement of responsibility, etc. por James Luna ; ilustraciones de Laura Lacamara ; traduccino al español de Carolina Villarroel = by James Luna ; illustrations by Laura Lacamara ; Spanish translation by Carolina Villarroel
246 31 - VARYING FORM OF TITLE
Title proper/short title El cochinito fugitivo
246 31 - VARYING FORM OF TITLE
Title proper/short title Runaway piggy
246 31 - VARYING FORM OF TITLE
Title proper/short title The runaway piggy
260 ## - PUBLICATION, DISTRIBUTION, ETC. (IMPRINT)
Place of publication, distribution, etc. Houston, Tex. :
Name of publisher, distributor, etc. Pinata Books
Date of publication, distribution, etc. c2010
264 #1 - PRODUCTION, PUBLICATION, DISTRIBUTION, MANUFACTURE, AND COPYRIGHT NOTICE
Place of production, publication, distribution, manufacture Houston, Tex. :
Name of producer, publisher, distributor, manufacturer Pinata Books,
Date of production, publication, distribution, manufacture, or copyright notice [2010]
264 #4 - PRODUCTION, PUBLICATION, DISTRIBUTION, MANUFACTURE, AND COPYRIGHT NOTICE
Date of production, publication, distribution, manufacture, or copyright notice c2010
300 ## - PHYSICAL DESCRIPTION
Extent 1 volume (unpaged) :
Other physical details color illustrations ;
Dimensions 29 cm
336 ## - CONTENT TYPE
Content type term text
Content type code txt
Source rdacontent
337 ## - MEDIA TYPE
Media type term unmediated
Media type code n
Source rdamedia
338 ## - CARRIER TYPE
Carrier type term volume
Carrier type code nc
Source rdacarrier
500 ## - GENERAL NOTE
General note "Pinata Books are full of surprises! = Pianta Books estna llenos de sorpresas!"--T.p. verso.
520 ## - SUMMARY, ETC.
Summary, etc. A Mexican piggy cookie escapes from the bakery before it can be eaten and eludes an ever-growing line of people pursuing it. Includes recipe for piggy cookies.
520 ## - SUMMARY, ETC.
Summary, etc. Una galleta de cochinito quiere ser el cochinito que jamas coman y se huye de la panadería. Corre calle abajo perseguido por la gente del pueblo. El libro incluye una receta para cocinar las galletas.
521 8# - TARGET AUDIENCE NOTE
Target audience note 520L
Source Lexile
521 3# - TARGET AUDIENCE NOTE
Target audience note Decoding demand: 67 (high)
-- Semantic demand: 62 (high)
-- Syntactic demand: 82 (very high)
-- Structure demand: 81 (very high)
Source Lexile
526 0# - STUDY PROGRAM INFORMATION NOTE
Program name Accelerated Reader
Interest level LG
Reading level 3.1
Title point value 0.5
Public note 138367SP
526 0# - STUDY PROGRAM INFORMATION NOTE
Program name Accelerated Reader AR
Interest level LG
Reading level 3.1
Title point value 0.5
Public note 138367.
-- Spanish
526 0# - STUDY PROGRAM INFORMATION NOTE
Program name Accelerated Reader AR
Interest level LG
Reading level 2.9
Title point value 0.5
Public note 138367.
-- English
546 ## - LANGUAGE NOTE
Language note Parallel text in English and Spanish.
650 #0 - SUBJECT ADDED ENTRY--TOPICAL TERM
Topical term or geographic name as entry element Fairy tales.
650 #0 - SUBJECT ADDED ENTRY--TOPICAL TERM
Topical term or geographic name as entry element Folklore
Form subdivision Juvenile literature.
650 #0 - SUBJECT ADDED ENTRY--TOPICAL TERM
Topical term or geographic name as entry element Cookies
Form subdivision Juvenile fiction.
650 #0 - SUBJECT ADDED ENTRY--TOPICAL TERM
Topical term or geographic name as entry element Spanish language materials
General subdivision Bilingual
Form subdivision Juvenile literature.
650 #7 - SUBJECT ADDED ENTRY--TOPICAL TERM
Topical term or geographic name as entry element Cuentos de hadas
Form subdivision Literatura juvenil.
Source of heading or term bidex
650 #7 - SUBJECT ADDED ENTRY--TOPICAL TERM
Topical term or geographic name as entry element Folklore
Form subdivision Literatura juvenil.
Source of heading or term bidex
650 #7 - SUBJECT ADDED ENTRY--TOPICAL TERM
Topical term or geographic name as entry element Galletas
Form subdivision Novela juvenil.
Source of heading or term bidex
650 #7 - SUBJECT ADDED ENTRY--TOPICAL TERM
Topical term or geographic name as entry element Materiales bilingues en espanol
Form subdivision Literatura juvenil.
Source of heading or term bidex
700 1# - ADDED ENTRY--PERSONAL NAME
Personal name Lacamara, Laura,
Relator term illustrator.
700 1# - ADDED ENTRY--PERSONAL NAME
Personal name Villarroel, Carolina.
730 0# - ADDED ENTRY--UNIFORM TITLE
Uniform title Gingerbread boy.
Language of a work Spanish & English.
942 ## - ADDED ENTRY ELEMENTS (KOHA)
Koha item type Libro/Book
Source of classification or shelving scheme Dewey Decimal Classification
Holdings
Withdrawn status Lost status Damaged status Not for loan Home library Current library Date acquired Total Checkouts Barcode Date last seen Price effective from Koha item type
        San Juan Del Sur -- Biblioteca San Juan Del Sur -- Biblioteca 21/08/2019   30009442 21/08/2019 21/08/2019 Libro/Book

Powered by Koha